000 00573nam a22001817a 4500
005 20251108171114.0
008 250721s1993 xx 000 0 ara d
082 1 4 _a214.2/عبد
100 1 _aإدريس، عبد الفتاح محمود
245 1 0 _aالقضاء بالإيمان و النكول :
_bبحث فقهي مقارن /
264 1 _aالقاهره :
_bجامعة الأزهر،
_c1993.
300 _a389ص
650 1 7 _aالإسلام
650 1 7 _aأصول الدين الإسلامي
650 1 7 _aالتوحيد
942 _2ddc
_cBK
999 _c56752
_d56752